00697nam a2200205Ia 4500001001000000003000500010008004100015010001100056020003000067040000900097082001700106245014900123260005400272300001100326500005200337650001900389650002900408700002400437700003000461Para_9846CHAP220125s2004 xx 000 0 und d a208511 a978 - 1 - 4020 - 1413 - 0 cCHAP aPA 595.7 M43 aMedical entomology :b a textbook on public health and veterinary problems caused by arthropods /c Bruce F. Eldridge, John D. Edman, editores aDordrecht; Boston :b Kluwer Academic Publishers a659 p. aIncluye referencias bibliográficas e índice aEntomología  0aInsectos xPatogenicidad aEdman, Jhon D., ed. aEldridge, Bruce F., ed.